00537nam a2200169Ia 4500003000900000008004100009020001800050040001600068080001900084245009000103260003600193300001000229650002800239650004100267650003000308700002900338IN-BaIIA211028s9999 xx 000 0 eng d a0-8243-0918-9 cIIA Library a(05)52bANN-18 0aAnnual review of astronomy and astrophysicsbvol. 18cedited by Geoffrey R. Burbidge. aPalo AltobAnnual Reviewsc1980 a591p. aAstronomy - Periodicals aAstronomy and Astrophysics Thesaurus aAstrophysics- Periodicals aBurbidge, Geoffrey., ed.